Dolphin dairies : (Record no. 6723)

MARC details
000 -LEADER
fixed length control field 01135nam a22003017a 4500
001 - CONTROL NUMBER
control field 6723
003 - CONTROL NUMBER IDENTIFIER
control field FISKH
005 - DATE AND TIME OF LATEST TRANSACTION
control field 20250522151539.0
008 - FIXED-LENGTH DATA ELEMENTS--GENERAL INFORMATION
fixed length control field 250522b cb ||||| |||| 00| 0 eng d
020 ## - INTERNATIONAL STANDARD BOOK NUMBER
International Standard Book Number 078073004997
040 ## - CATALOGING SOURCE
Original cataloging agency FISKH
Language of cataloging eng
Transcribing agency FISKH
Modifying agency FISKH
050 ## - LIBRARY OF CONGRESS CALL NUMBER
Classification number B186
082 ## - DEWEY DECIMAL CLASSIFICATION NUMBER
Classification number 823.914
100 ## - MAIN ENTRY--PERSONAL NAME
Personal name M.Baglio, Ben
Dates associated with a name (1960-)
245 ## - TITLE STATEMENT
Title Dolphin dairies :
Remainder of title Chasing the dream /
Statement of responsibility, etc. Ben M.Baglio ; Illustrations by Judith Lawton
250 ## - EDITION STATEMENT
Edition statement This edition first published in 2002
260 ## - PUBLICATION, DISTRIBUTION, ETC.
Place of publication, distribution, etc. New York :
Name of publisher, distributor, etc. Scholastic,
Date of publication, distribution, etc. 2001
300 ## - PHYSICAL DESCRIPTION
Extent 153 pages :
Other physical details illustrations ;
Dimensions 20 cm
505 ## - FORMATTED CONTENTS NOTE
Formatted contents note R<br/>
520 ## - SUMMARY, ETC.
Summary, etc. "Jody has arrived in the Caribbean, and already she's made a new dolphin friend, Frida. But other dolphins there have been captured and taken to live in dirty, unhealthy conditions--just to entertain tourists! Jody is outraged. Can she help win freedom for these dolphins?"<br/>
521 8# - TARGET AUDIENCE NOTE
Target audience note 740<br/>
Source Lexile<br/>
521 8# - TARGET AUDIENCE NOTE
Target audience note R<br/>
Source Raz-Plus<br/>
650 ## - SUBJECT ADDED ENTRY--TOPICAL TERM
Source of heading or term Dolphin Diaries
Topical term or geographic name entry element Brown series
650 ## - SUBJECT ADDED ENTRY--TOPICAL TERM
Source of heading or term Youthtime
Topical term or geographic name entry element Chapter Book C
700 ## - ADDED ENTRY--PERSONAL NAME
Personal name Lawton, Judith
Dates associated with a name illustrator
942 ## - ADDED ENTRY ELEMENTS (KOHA)
Source of classification or shelving scheme Dewey Decimal Classification
Koha item type Books
Suppress in OPAC No
Holdings
Withdrawn status Lost status Source of classification or shelving scheme Damaged status Not for loan Collection Home library Current library Shelving location Date acquired Total Checkouts Full call number Barcode Date last seen Copy number Price effective from Koha item type
Withdrawn   Library of Congress Classification Damaged   Juvenile Fiction Footprints International School Library Network Toul Tom Poung Campus Footprints International School Library Network Toul Tom Poung Campus TTP Primary Orange Bookshelves 05/22/2025   BAG 823.914 B186 2025-1388 05/22/2025 1 05/22/2025 Books